Największe miasta Polski pod względem powierzchni - Statystyki

Ogólne statystyki
  • Ten quiz został rozwiązany 603 razy
  • Średni wynik to 27 z 40
Statystyki odpowiedzi
Hint Odpowiedź % Poprawnych
1 mazowieckie Warszawa
99%
2 małopolskie Kraków
98%
4 łódzkie Łódź
97%
5 dolnośląskie Wrocław
97%
7 pomorskie Gdańsk
96%
3 zachodniopomorskie Szczecin
96%
8 wielkopolskie Poznań
94%
12 śląskie Katowice
92%
6 lubuskie Zielona Góra
91%
18 pomorskie Gdynia
90%
17 lubelskie Lublin
89%
15 opolskie Opole
89%
11 kujawsko-pomorskie Bydgoszcz
87%
22 podkarpackie Rzeszów
84%
24 kujawsko-pomorskie Toruń
81%
30 podlaskie Białystok
78%
27 świętokrzyskie Kielce
77%
34 warmińsko-mazurskie Olsztyn
76%
25 mazowieckie Radom
76%
19 śląskie Gliwice
75%
13 śląskie Częstochowa
72%
36 lubuskie Gorzów Wielkopolski
72%
31 zachodniopomorskie Koszalin
70%
32 śląskie Sosnowiec
70%
9 zachodniopomorskie Świnoujście
62%
20 śląskie Bielsko-Biała
58%
10 śląskie Dąbrowa Górnicza
58%
35 mazowieckie Płock
54%
40 dolnośląskie Wałbrzych
51%
16 śląskie Rybnik
50%
28 dolnośląskie Jelenia Góra
46%
29 wielkopolskie Piła
45%
21 opolskie Kędzierzyn-Koźle
42%
14 śląskie Jaworzno
33%
37 podkarpackie Tarnobrzeg
30%
38 śląskie Jastrzębie-Zdrój
25%
39 śląskie Zawiercie
20%
26 śląskie Wisła
15%
33 śląskie Lubliniec
12%
23 pomorskie Krynica Morska
10%
Nie znaleziono quizów pasujących do podanych kryteriów
Rozkład punktacji
Procent ludzi z każdym wynikiem
Percentyl według liczby udzielonych odpowiedzi
Twoja historia wyników
Nie rozwiązałeś tego quizu